00884cam a2200217 a 450000100100000000500170001000800410002702000150006804000250008308200180010810000460012624500940017226000350026630000210030149000240032265000270034665000420037395201150041595201210053099900150065100000957420200929161629.0900830s1982 sp 000 0 spa  a8424503384 aDO-SdBNPbspacBNPHU a862.64bM385b1 aMartínez Mediero, Manuel,d1939-92441414aLas bragas pérdidas en el tendedero :bJuana del amor hermoso /cM. Martínez Mediero. aMadrid :bFundamentos,cc1982. a144 p. ;c20 cm.1 aEspiralv71aTeatro 4aTeatro español93071 4aLiteratura españolaySIGLO XX93326 001050718MOaGRbGRcHDd2009-09-30iLF1l0o862.64 M385bp9574-10r2020-06-25w2020-06-25y1ZNo se presta 001150718MOaGRbGRcMId2017-05-22iLF1l0o862.64 M385bp9574-20r2020-06-25te. 2w2020-06-25y1ZNo se presta c9334d9334